| 000 | 003650000a22001570004500 | ||
|---|---|---|---|
| 001 | 001980 | ||
| 003 | MACL | ||
| 040 | _aMACL | ||
| 090 |
_c13973 _d13972 |
||
| 100 | _aSiegel, Lee | ||
| 245 |
_aNet of Magic _bWonders and Deceptions In India _cLee Siegel |
||
| 260 |
_aHarper Collins Publishers, _c2000 |
||
| 350 | _a295 | ||
| 650 | _aPsychology | ||
| 942 |
_k133 _cBook |
||
| 999 |
_c13896 _d13896 |
||